000 00587nam a2200193Ia 4500
003 GCL
008 140319s9999 xx 000 0 ara d
040 _aGCL /
_cGCL
082 0 4 _a598.12
_bك ع
100 1 _aكامل محمد زينى بدوى
245 1 0 _aعالم الثعابين /
_cكامل محمد زينى بدوى
300 _a442 ص
490 _aالهيئة العامة للاستعلامات
_v0
650 0 4 _aالثعابين
650 0 4 _aالثعابين السامة
650 0 4 _aالزواحف
650 0 4 _aالثعابين - تشريح
942 _2ddc
_cBK
999 _c52179
_d52179